|
|
|
|
| LEADER |
00000nas a22000007a 4500 |
| 003 |
Ucuenca |
| 005 |
20230308225919.0 |
| 008 |
180509b2018 ec ||||| |||| 00| 0 spa d |
| 022 |
|
|
|a 130-3519
|
| 040 |
|
|
|b spa
|
| 041 |
0 |
|
|a spa
|
| 082 |
0 |
|
|a 050
|b U48u
|
| 110 |
2 |
|
|a Universidad Politécnica Salesiana.
|g UPS
|9 61143
|
| 245 |
|
|
|a Utopía
|c Universidad Politécnica Salesiana, Alvarez Rodas Luis
|h imp
|
| 264 |
|
|
|a Cuenca
|b Universidad Politécnica Salesiana
|c 2018
|
| 300 |
|
|
|a 111 páginas:
|b ilu
|c 30 cm
|
| 362 |
|
|
|a Año 22; no.100 (Enero 2018)
|
| 505 |
|
|
|a 100 utopías en el tiempo -- Jóvenes y política -- Estudiantes interculturales de misiones salesianas -- Formación de emprendedores -- El arte a través de la mirada infantil -- El grafiti, un discurso tras el arte urbano -- Los sueños no tienen límite -- Para entender el periodismo de sucesos -- Cultura digital: cretividad o innovación -- Guardianes de Kutukú.
|
| 650 |
|
0 |
|9 47681
|a Utopias
|
| 650 |
|
0 |
|9 224090
|a Desafeccion social
|
| 650 |
|
0 |
|9 95208
|a Violencia simbolica
|
| 942 |
|
|
|2 ddc
|c BK
|z marlene.quinde@ucuenca.edu.ec
|
| 999 |
|
|
|c 154531
|d 154531
|